Databázová aplikácia v prostredí web pre podporu vzdelávania

Uložené v:
Podrobná bibliografia
Hlavný autor: Hlávek, Juraj (Autor)
Ďalší autori: Cuninka, Peter (Vedúci práce)
Médium: Rukopis Kniha
Jazyk:Slovak
Vydavateľské údaje: 2017
Predmet:
On-line prístup:http://is.stuba.sk/zp/portal_zp.pl?podrobnosti=115074
Tagy: Pridať tag
Žiadne tagy, Buďte prvý, kto otaguje tento záznam!

MARC

LEADER 00000ntm a22000003a 4500
001 stuzp61055
003 SK-STU
005 20170701210435.8
007 ta
008 150427s2015----xo-----f-mn---000-0-slo-d
040 |a STU  |b slo 
041 0 |a slo 
100 1 |a Hlávek, Juraj  |u 066000  |4 aut  |U MTF Materiálovotechnologická fakulta  |T MTF Ústav aplikovanej informatiky, automatizácie a mechatroniky  |X 73418  |U M6000  |Y 86  |7 73418 
242 0 1 |a Database application in web environment for educational purposes  |y eng 
245 1 0 |a Databázová aplikácia v prostredí web pre podporu vzdelávania 
260 |c 2017 
650 4 |a laravel  |2 slo 
650 4 |a web  |2 slo 
650 4 |a databázová aplikácia  |2 slo 
650 4 |a vzdelávanie  |2 slo 
650 4 |a web  |2 eng 
650 4 |a database application  |2 eng 
650 4 |a education  |2 eng 
650 4 |a laravel  |2 eng 
700 1 |a Cuninka, Peter  |u 066000  |k Z3  |4 ths  |U MTF Materiálovotechnologická fakulta  |T MTF Ústav aplikovanej informatiky, automatizácie a mechatroniky  |X 65973  |U M6000  |Y 86  |7 A000065973 
856 4 |u http://is.stuba.sk/zp/portal_zp.pl?podrobnosti=115074 
996 |c M* BP-8009  |l MMSKP  |s P  |a 0  |w stuzp61055_0001